También tú sabes de música /

Introducción a la música a través de su historia, teoría, instrumentos, formas, estilos y grandes maestros compositores de cada época.

Guardat en:
Dades bibliogràfiques
Autor principal: Panofsky, Walter (autor)
Format: Llibre
Idioma:espanyol
Publicat: Barcelona, España : Labor, 1964, c1960
Col·lecció:(Libros de Hoy)
Matèries:
Etiquetes: Afegir etiqueta
Sense etiquetes, Sigues el primer a etiquetar aquest registre!

MARC

LEADER 00000nam^a2200000^a^4500
001 000416999
005 20250526000000.0
009 20260310122338.883
037 |a Acervo ITESO - Biblioteca 
041 |a ESP 
082 |a 780. 9  |b PAN 
100 |a Panofsky, Walter  |e (autor) 
245 1 0 |a También tú sabes de música /  |c W. Panofsky ; tr. por Margarita Fontseré. 
264 4 |a Barcelona, España :  |b Labor,  |c 1964, c1960 
300 |a XV, 320 p. ;  |c 25.5 cm. 
336 |a texto  |b txt  |2 rdacontenido 
337 |a sin mediación  |b n  |2 rdamedio 
338 |a volumen  |b nc  |2 rdasoporte 
440 1 |a (Libros de Hoy) 
500 |a Traducción de: Auch du verstehst musik 
520 |a Introducción a la música a través de su historia, teoría, instrumentos, formas, estilos y grandes maestros compositores de cada época. 
649 |a XX 
650 |a Músicos -  |x Biografías 
650 |a Artistas -  |x Biografías 
650 |a Instrumentos Musicales 
650 |a Formas y Géneros Musicales 
650 |a Música -  |x Teoría 
650 |a Música -  |x Historia y Crítica -  |x Tema Principal 
650 |a Arte -  |x Historia y Crítica 
910 |a Fondo Alfonso de Alba Martín 
920 |a Impresos - Libros 
930 |a Libros Antiguos y Raros 
905 |a 125 
901 |a 416999001  |b IT2  |c LRA  |i D99078  |u 20250526 
902 |a https://opac.biblio.iteso.mx/vufind/Record/000416999